Corporate bankruptcies on the decline /

Bloomberg Brief Bankruptcy Newsletter Editor Aleksandrs Rozens discusses declining corporate bankruptcy rates with Mark Crumpton on Bloomberg Television's 'Bottom Line.'

Bibliographic Details
Corporate Author: Bloomberg News (Firm) (Producer)
Other Authors: Crumpton, Mark (Speaker)
Format: Video
Language:English
Language Notes:In English.
Published: New York : Bloomberg, 2013.
Series:Business and education in video
Subjects:
Online Access:Connect to this streaming video (Alexander Street Press)

MARC

Tag First Indicator Second Indicator Subfields
LEADER 00000cgm a2200000Ma 4500
001 in00005574708
006 m o c
007 cr |na---||a|a
007 vz |za|z|
008 140428s2013 nyu005 e o vueng d
005 20241201232222.2
035 |a (OCoLC)ocn890729721 
040 |a ALSTP  |b eng  |e pn  |c ALSTP  |d OCLCO  |d OCLCF  |d OCLCQ  |d OCLCO  |d OCLCA  |d OCLCQ  |d AU@  |d WYU  |d OCLCO  |d OCLCL 
035 |a (OCoLC)890729721 
050 4 |a HF 
049 |a TXAM 
245 0 0 |a Corporate bankruptcies on the decline /  |c produced by Bloomberg. 
260 |a New York :  |b Bloomberg,  |c 2013. 
300 |a 1 online resource (5 min.). 
306 |a 000503 
336 |a two-dimensional moving image  |b tdi  |2 rdacontent 
337 |a computer  |b c  |2 rdamedia 
338 |a online resource  |b cr  |2 rdacarrier 
490 0 |a Business and education in video 
500 |a Title from resource description page (viewed Apr. 28, 2014). 
520 |a Bloomberg Brief Bankruptcy Newsletter Editor Aleksandrs Rozens discusses declining corporate bankruptcy rates with Mark Crumpton on Bloomberg Television's 'Bottom Line.' 
546 |a In English. 
650 0 |a Bankruptcy. 
650 0 |a Corporate reorganizations. 
650 6 |a Entreprises  |x Réorganisation. 
650 7 |a Bankruptcy.  |2 fast  |0 (OCoLC)fst00826826 
650 7 |a Corporate reorganizations.  |2 fast  |0 (OCoLC)fst00879699 
655 7 |a Television news programs.  |2 fast  |0 (OCoLC)fst01710455 
655 7 |a Television news programs.  |2 lcgft 
655 7 |a Téléjournaux.  |2 rvmgf 
700 1 |a Crumpton, Mark.  |4 spk 
710 2 |a Bloomberg News (Firm)  |4 pro 
758 |i has work:  |a Corporate Bankruptcies on the Decline (MovingImage)  |1 https://id.oclc.org/worldcat/entity/E39PD33KcdPgtVXc68DW6vpFJC  |4 https://id.oclc.org/worldcat/ontology/hasWork 
856 4 0 |u http://proxy.library.tamu.edu/login?url=https://www.aspresolver.com/aspresolver.asp?BUSV;2347197  |z Connect to this streaming video (Alexander Street Press)  |t 0 
955 |a Alexander Street Press subscription streaming video 
994 |a 92  |b TXA 
999 f f |s a245d7d3-7326-41c7-8a71-262c5b36482b  |i d3ca2d7b-4ec7-4e8f-bea5-e495f237ac81  |t 0 
952 f f |a Texas A&M University  |b College Station  |c Electronic Resources  |d Available Online  |t 0  |e HF   |h Library of Congress classification 
998 f f |a HF   |t 0  |l Available Online